Estatísticas para Química Orgânica - Grupos Funcionais

Clique aqui para jogar o quiz

Estatísticas Gerais

  • Esse quiz foi jogado 109 vezes
  • A pontuação média é 9 de 29

Estatísticas das Respostas

Descrição do GrupoNome do Grupo (no plural)% Correto
Contém C,H (Hidrocarbonetos saturados)Alcanos
69%
Contém C,H,O (Saturados)Álcoois
69%
Contém C,H,OCetonas
69%
Contém C,H (Hidrocarbonetos insaturados)Alcenos
67%
Contém C,H,OAldeídos
63%
Contém C,H (Hidrocarbonetos insaturados)Alcinos
61%
Contém C,H,O,NAmidas
61%
Contém C,H,NAminas
61%
Contém C,H,OÉsteres
61%
Contém C,H,OÉteres
59%
Contém C,H,OÁcidos Carboxílicos
57%
Contém C,H,O (Insaturados / Aromáticos)Fenóis
56%
Contém C,H,O (Insaturados)Enóis
28%
Contém C,H (Hidrocarbonetos saturados)Cicloalcanos
22%
Contém C,H (Hidrocarbonetos insaturados)Cicloalcenos
22%
Contém C,H,NNitrilas
20%
Contém C,H (Hidrocarbonetos insaturados)Aromáticos
17%
Contém C,H,O, X (X = 7A)Haletos de Ácido (Haletos de Acila)
15%
Contém C,H, X (X = 7A)Haletos Orgânicos (Haletos de Alquila / Haletos de Arila)
15%
Contém C,H (Hidrocarbonetos insaturados)Alcadienos
13%
Contém C,H,O,NNitrocompostos
6%
Contém C,H,O, Me (Me = 1A/2A)Sais de Ácidos Carboxílicos
6%
Contém C,H,SCompostos Sulfurados (Tiocompostos)
4%
Contém C,H,NIsonitrilas
4%
Contém C,H,OAnidridos de Ácido
2%
Contém C,H,OAcetais
0%
Contém C,H,O,N,S (Anéis cíclicos insaturados)Compostos Heterocíclicos
0%
Contém C,H,Me (Me = 1B - 8B). Pode ter O e outros compostos anterioresCompostos Organometálicos
0%
Contém C,H,O,SCompostos Sulfonados
0%

Distribuição das Pontuações

Percentil de Números Respondidos

Porcentagem de Pessoas com Cada Pontuação

Sua Pontuação Histórica

Você não jogou esse quiz